Parcours de l'équipe de France de Football - 1998 - Statistiques

Statistiques générales
  • Ce quiz a été pris 72 fois
  • Le résultat moyen est 5 sur 7
Statistiques - réponses
Match concerné Date Heure Score Adversaire % Correct
Finale Dimanche 12 juillet 21 h 3-0 Brésil
97%
Quart de finale Vendredi 3 juillet 16 h 30 0-0 (TAB : 4-3) Italie
89%
Demi finale Mercredi 8 juillet 21 h 2-1 Croatie
83%
8e de finale Dimanche 28 juin 16 h 30 1-0 (but en or) Paraguay
74%
3e de poule Mercredi 24 juin 16 h 2-1 Danemark
71%
2e de poule Jeudi 18 juin 21 h 4-0 Arabie Saoudite
65%
1er de poule (ouverture) Vendredi 12 juin 21 h 3-0 Afrique du Sud
57%
Aucun quiz correspondant
Distribution des résultats
% des personnes avec chaque résultat
Percentile par nombre de réponses
Votre historique - résultats
Vous n’avez pas pris ce quiz